000
00207 a2200097 4500
001
22711
100
_a
Hornby, A S
245
_a
Advanced Learners Dictionary
260
_a
_b
Oxford
_c
090
_c
15354
_d
15354
942
_a
NUST-CAE
_c
M
_c
5952
999
_c
257784
_d
257784